Globalizácia, zahraničné investície a zdaňovanie nadnárodných spoločností
Globalizácia v zdaňovaní - daňová globalizácia. Vzájomné prepojenie moderných trendov v zdaňovaní s osobitnými špecifikami každého štátu - ideálna daňová politika štátu. Hlavné problémy cezhraničného zdaňovania. Spoločný konsolidovaný firemný daňový základ (CCCTB), jeho výhody, nevýhody a riziká. Pr...
Salvato in:
| Autore principale: | |
|---|---|
| Natura: | Capitolo di libro |
| Lingua: | slovacco |
| Soggetti: | |
| Tags: |
Nessun Tag, puoi essere il primo ad aggiungerne!!
|
MARC
| LEADER | 00000nla$a2200000$$$4500 | ||
|---|---|---|---|
| 001 | 0105292 | ||
| 005 | 20240502072147.8 | ||
| 041 | 0 | |a slo | |
| 044 | |a SK | ||
| 245 | 1 | 0 | |a Globalizácia, zahraničné investície a zdaňovanie nadnárodných spoločností |c Jana Simonidesová |
| 520 | |a Globalizácia v zdaňovaní - daňová globalizácia. Vzájomné prepojenie moderných trendov v zdaňovaní s osobitnými špecifikami každého štátu - ideálna daňová politika štátu. Hlavné problémy cezhraničného zdaňovania. Spoločný konsolidovaný firemný daňový základ (CCCTB), jeho výhody, nevýhody a riziká. Priame zahraničné investície a zdaňovanie. Dôvody zavedenia daňových stimulov, daňové stimuly a Slovensko. Dopady zavedenia daňových úľav. | ||
| 610 | 2 | 0 | |a globalizácia hospodárstva |
| 610 | 2 | 0 | |a spoločnosti nadnárodné |
| 610 | 2 | 0 | |a investície priame zahraničné |
| 610 | 2 | 0 | |a zdaňovanie |
| 610 | 2 | 0 | |a zdaňovanie medzinárodné |
| 610 | 2 | 0 | |a stimuly |
| 610 | 2 | 0 | |a úľavy daňové |
| 610 | 2 | 0 | |a Slovensko |
| 100 | 1 | |a Simonidesová, Jana, 1968- | |